000 00606nam a2200217 a 4500
999 _c625
_d625
008 190927s2011 be ab||g |||| 00| 0 eng d
020 _a9789054878582
_c$ 89.95
040 _aKO
_beng
041 0 _aeng
044 _axxk
082 0 4 _223
_a387.1
_bN848
100 1 _aNotteboom, Theo
245 1 0 _aCurrent Issues in Shipping, Ports and Logistics
_cTheo Notterboom
260 _aAntwerp :
_bAcademic and Scientific Publishers nv,
_c2011
300 _aiii, 602 p.
_bill., maps ;
_c24 cm.
650 0 _aShipping Management
650 0 _aBusiness logistics
904 _aS_JOY
942 _cBK